000
00307nam a2200121Ia 4500
008
240624s9999 xx 000 0 und d
041
_a
eng
082
_a
657 JIA
100
_a
JIAMBALVO JAMES
245
_a
MANAGERIAL ACCOUNTING
260
_c
2002
_a
New York
_b
John Wiley
300
_a
xxxi, : 413 : p. : cm. ; 24
999
_c
4180
_d
4180